00882nam a2200217 i 450000100060000000300090000600500170001500700030003200800410003511100900007624500360016626000380020230000220024049000610026250000570032371000470038083000690042785200310049699900170052795201200054446084ES-MaACL20250828084000.0t|030327s1948 sz ||||1| fre d2 aConférence Internationale de l'Instruction Publique (n11ª. d1948.cGinebra)914512aL'enseignement de l'écriture. aGenève, ect. : b[s.n., c1948] a126 p. ; c24 cm.1 aPublications du Bureau International d'Education ; v102 aPrecede al tít.: Bureau International d'Education.20aOficina Internacional de Educación960220 aPublications du Bureau International d'Education ; v1029181740 aES-MaACLjC-5422 bR.26092 c46084d46084 00104070aATENEOMbATENEOMcSPALd2008-01-17eSCl0oC-5422p1048480r2023-02-23 00:00:00w2023-02-23yMONOGRAFIA